[Event ""]
[Site ""]
[Date "????.??.??"]
[Round "8"]
[White "Ëîøàêîâ Äìèòðèé"]
[Black "Ëîçáåíåâ Ïàâåë"]
[Result "0-1"]
[WhiteElo "2001"]
[BlackElo "2073"]
[Annotator ""]
[Source ""]
[Remark ""]

1.d4 d5 2.Nf3 Nf6 3.Bg5 Ne4 4.Bh4 Bf5 5.e3 c6 6.Be2 Qb6 7.Qc1
e6 8.O-O Nd7 9.Nbd2 Nxd2 10.Nxd2 c5 11.Nb3 Rc8 12.dxc5 Bxc5 13.Nxc5
Qxc5 14.b3 O-O 15.Qd1 Ne5 16.Bd3 Qb4 17.a3 Qc5 18.c4 dxc4 19.Bxc4
g5 20.Bg3 b5 21.Be2 Rfe8 22.Qe1 0-1

[Event ""]
[Site ""]
[Date "????.??.??"]
[Round "8"]
[White "Ïîëîíîâñêèé Ãðèãîðèé"]
[Black "Õðàìöîâà Åëåíà"]
[Result "1-0"]
[WhiteElo "2141"]
[BlackElo "2071"]
[Annotator ""]
[Source ""]
[Remark ""]

1.Nf3 d5 2.c4 c6 3.b3 Bf5 4.Bb2 Nf6 5.e3 e6 6.Be2 Be7 7.Nh4 Bg6
8.Nxg6 hxg6 9.Nc3 Qc7 10.h3 Nbd7 11.Rc1 Qd6 12.d4 g5 13.cxd5
exd5 14.Rf1 Qe6 15.Qd3 g4 16.hxg4 Nxg4 17.e4 dxe4 18.Qxe4 Qxe4
19.Nxe4 Ndf6 20.Nxf6+ Nxf6 21.Bf3 O-O-O 22.Kd2 Nd5 23.Kd1 Bf6
24.Kc2 1-0

[Event ""]
[Site ""]
[Date "????.??.??"]
[Round "8"]
[White "Ãîðèøíèé Þðèé"]
[Black "Ðàêîâ Ìèõàèë"]
[Result "1/2-1/2"]
[WhiteElo "2066"]
[BlackElo "1912"]
[Annotator ""]
[Source ""]
[Remark ""]

1.Nf3 d5 2.d4 Nf6 3.c4 e6 4.Nc3 c6 5.Bg5 Nbd7 6.e3 Qa5 7.Nd2
dxc4 8.Bxf6 Nxf6 9.Nxc4 Qg5 10.Qf3 Qg4 11.Be2 Qxf3 12.Bxf3 Be7
13.O-O O-O 14.Rab1 Rb8 15.b4 Nd5 16.Nxd5 cxd5 17.Ne5 f6 18.Nd3
b6 19.Rfc1 Bd6 20.e4 dxe4 21.Bxe4 Bb7 22.Bxb7 Rxb7 23.Ne1 Rd8
24.Nf3 g5 25.h3 h5 26.Rc6 Kf7 27.Re1 Re7 28.a3 g4 29.hxg4 hxg4
30.Nd2 Bf4 31.Nb3 Bb8 32.Rec1 e5 33.Rc8 Red7 34.Rxd8 Rxd8 35.Rd1
Ke6 36.Kf1 f5 37.Ke2 1/2-1/2

[Event ""]
[Site ""]
[Date "????.??.??"]
[Round "8"]
[White "Ìûøêèí Íèêèòà"]
[Black "Äîëãîâà Òàìàðà"]
[Result "1-0"]
[WhiteElo "2050"]
[BlackElo "1907"]
[Annotator ""]
[Source ""]
[Remark ""]

1.d4 d5 2.c4 e6 3.Nc3 c5 4.cxd5 cxd4 5.Qxd4 Nc6 6.Qd1 exd5 7.e3
Nf6 8.Nf3 Be7 9.Be2 O-O 10.O-O Bg4 11.h3 Bh5 12.Nd4 Bg6 13.Bd3
Ne4 14.Nxc6 bxc6 15.Nxe4 dxe4 16.Bc4 Qc7 17.Bd2 Rad8 18.Qe2 Bf6
19.Rab1 Rd7 20.Rfd1 Rfd8 21.Bc3 Bxc3 22.bxc3 Qe5 23.Rxd7 Rxd7
24.Rd1 Rxd1+ 25.Qxd1 h6 26.Qd4 Qa5 27.Bb3 Qa3 28.g3 Qa6 29.Qc4
Qc8 30.Kg2 c5 31.Qd5 Qf5 32.Qxf5 Bxf5 33.g4 Bh7 34.Kg3 Kf8 35.Bc2
Ke7 36.Kf4 g5+ 37.Ke5 f6+ 38.Kd5 Bg8+ 39.Kxc5 Bxa2 40.Bxe4 Bb3 1-0

[Event ""]
[Site ""]
[Date "????.??.??"]
[Round "8"]
[White "Ëþøèí Ìàêñèì"]
[Black "Áðóÿöêàÿ Ìàðèÿ"]
[Result "0-1"]
[WhiteElo "2000"]
[BlackElo "2045"]
[Annotator ""]
[Source ""]
[Remark ""]

1.e4 c5 2.Nf3 d6 3.d4 cxd4 4.Nxd4 Nf6 5.Nc3 g6 6.Be3 Bg7 7.f3
O-O 8.Qd2 Nc6 9.Bc4 Bd7 10.O-O-O Qa5 11.Kb1 Rfc8 12.Bb3 Ne5 13.Nd5
Qxd2 14.Rxd2 Kf8 15.Rhd1 b5 16.Bg5 Nxd5 17.Bxd5 Rab8 18.Re2 a5
19.h3 e6 20.f4 exd5 21.fxe5 dxe5 22.Nf3 dxe4 23.Rxd7 exf3 24.Rf2
f6 25.Rxf3 Rd8 26.Rxd8+ Rxd8 27.c3 Ke7 28.Be3 Rd5 0-1

[Event ""]
[Site ""]
[Date "????.??.??"]
[Round "8"]
[White "Òàðàñîâ Âàëåðèé"]
[Black "Ëàçàðåâ Àíàòîëèé"]
[Result "1/2-1/2"]
[WhiteElo "1963"]
[BlackElo "2133"]
[Annotator ""]
[Source ""]
[Remark ""]

1.Nf3 d5 2.d3 Nf6 3.Nbd2 Bf5 4.g3 e6 5.Bg2 Be7 6.O-O O-O 7.Re1
c5 8.b3 Nc6 9.Bb2 h6 10.e4 dxe4 11.dxe4 Bh7 12.Qe2 Qc7 13.e5
Nd5 14.Ne4 Rfd8 15.c4 Ndb4 16.Bc3 Nd3 17.Red1 Ndxe5 18.Nxe5 Nxe5
19.Nxc5 Nc6 20.Nd3 Bxd3 21.Rxd3 Rxd3 22.Qxd3 Rd8 23.Qe3 Qd6 24.Be4
Qc5 25.Qf4 Nd4 26.Rd1 Bg5 1/2-1/2

[Event ""]
[Site ""]
[Date "????.??.??"]
[Round "8"]
[White "Ãàðãîëèí Ïàâåë"]
[Black "Áëîõèíà Ýëüâèðà"]
[Result "1/2-1/2"]
[WhiteElo "2111"]
[BlackElo "1962"]
[Annotator ""]
[Source ""]
[Remark ""]

1.e4 c5 2.c3 d5 3.exd5 Qxd5 4.d4 Nc6 5.Nf3 Bg4 6.Be2 cxd4 7.cxd4
e6 8.Nc3 Qa5 9.O-O Nf6 10.h3 Bh5 11.Be3 Be7 12.Qb3 Qb4 13.Qxb4
Nxb4 14.Bb5+ Nc6 15.Ne5 Rc8 16.g4 Bg6 17.f4 O-O 18.Bxc6 bxc6
19.d5 c5 20.Nc6 Rfe8 21.Nxa7 Rb8 22.Nc6 Rxb2 23.Nxe7+ Rxe7 24.Bxc5
Rd7 25.d6 Ne4 26.Rab1 Rxb1 27.Rxb1 f6 28.Nxe4 Bxe4 29.Rb8+ Kf7
30.a4 e5 31.fxe5 fxe5 32.a5 Bb7 33.Bb6 Ke6 34.Bc7 Ba6 35.Rb6
Bd3 36.a6 Rf7 37.a7 Rf1+ 38.Kh2 Ra1 39.Bb8 Be4 40.Rb5 Bc6 41.Rxe5+
Kf6 42.Rf5+ Ke6 43.Rc5 Bd7 44.Rc2 g6 1/2-1/2

[Event ""]
[Site ""]
[Date "????.??.??"]
[Round "8"]
[White "Êóòóåâà Íàòàëèÿ"]
[Black "Ìàòâååâ Âëàäèìèð"]
[Result "1-0"]
[WhiteElo "1925"]
[BlackElo "2110"]
[Annotator ""]
[Source ""]
[Remark ""]

1.d4 d5 2.c4 e5 3.dxe5 d4 4.Nf3 Nc6 5.g3 Bg4 6.Bg2 Qd7 7.O-O
O-O-O 8.Qb3 Na5 9.Qb5 Qxb5 10.cxb5 Nc4 11.Nbd2 Nxd2 12.Bxd2 f6
13.exf6 Nxf6 14.Bf4 Bc5 15.Rac1 Bb6 16.a4 Nd5 17.Bd2 Rhf8 18.h3
Bxf3 19.Bxf3 d3 20.Bg4+ Kb8 21.exd3 Nf6 22.Be2 Ne4 23.Bf4 Nc5
24.a5 Rde8 25.axb6 Rxe2 26.bxc7+ Kc8 27.Rxc5 Rxb2 28.Rcc1 b6 1-0

[Event ""]
[Site ""]
[Date "????.??.??"]
[Round "8"]
[White "Àëèåâà Íóðëàíà"]
[Black "Îðëîâöåâ Àëåêñàíäð"]
[Result "1-0"]
[WhiteElo "1873"]
[BlackElo "2058"]
[Annotator ""]
[Source ""]
[Remark ""]

1.e4 e5 2.Nf3 Nc6 3.d4 exd4 4.Nxd4 Bc5 5.Nxc6 Qf6 6.Qd2 dxc6
7.Nc3 Bd4 8.Bd3 Ne7 9.O-O Ng6 10.Kh1 Ne5 11.f3 O-O 12.Qf4 Qe7
13.Ne2 Nxd3 14.cxd3 Be5 15.Qe3 f6 16.d4 Bd6 17.Bd2 b6 18.Rac1
c5 19.d5 Ba6 20.Bc3 Rae8 21.Rfe1 Bxe2 22.Qxe2 a5 23.g3 Be5 24.Qc4
Bd6 25.f4 Qf7 26.Rf1 b5 27.Qd3 Qe7 28.Rce1 c4 29.Qd4 Bb4 30.a3
Bxc3 31.Qxc3 Qc5 32.Qe3 Qxe3 33.Rxe3 Rd8 34.Rd1 Rd7 35.Re2 Rfd8
36.Red2 Re7 37.Re2 Kf7 38.e5 fxe5 39.fxe5 Kg6 40.Kg2 Rde8 1-0

[Event ""]
[Site ""]
[Date "????.??.??"]
[Round "8"]
[White "Ñåðãèåíêî Àíòîí"]
[Black "Çûçëîâà Ñîôèÿ"]
[Result "1-0"]
[WhiteElo "1902"]
[BlackElo "2012"]
[Annotator ""]
[Source ""]
[Remark ""]

1.d4 c5 2.d5 d6 3.c4 e5 4.e4 Be7 5.Nc3 Bg5 6.Bd3 Bxc1 7.Qxc1
Nf6 8.Nge2 Na6 9.O-O O-O 10.f4 exf4 11.Nxf4 Ng4 12.Qe1 Ne5 13.a3
Nc7 14.Qg3 Kh8 15.b4 b6 16.b5 Qe7 17.a4 a5 18.Rae1 Bd7 19.h3
Be8 20.Rf2 f6 21.Nd1 Bd7 22.Nb2 Rae8 23.Rff1 Qf7 24.Bc2 Re7 25.Nfd3
Nxd3 26.Nxd3 Ne8 27.e5 dxe5 28.Nxe5 Rxe5 29.Rxe5 Nd6 30.Qd3 g6
31.Qc3 Qg7 32.Re2 Bf5 33.Bxf5 Nxf5 34.Rxf5 gxf5 35.Re6 Qc7 36.Rxf6
Rxf6 37.Qxf6+ 1-0

[Event ""]
[Site ""]
[Date "????.??.??"]
[Round "?"]
[White "Ïÿòíèöûí Ìàêñèì"]
[Black "Äàãàåâ Äìèòðèé"]
[Result "1-0"]
[WhiteElo "1857"]
[BlackElo "2156"]
[Annotator ""]
[Source ""]
[Remark ""]

1.d4 Nf6 2.c4 g6 3.Nc3 d5 4.cxd5 Nxd5 5.e4 Nxc3 6.bxc3 Bg7 7.Ba3
Nd7 8.Bc4 c5 9.Nf3 O-O 10.O-O Nb6 11.Bb3 cxd4 12.cxd4 Bg4 13.h3
Bxf3 14.Qxf3 Rc8 15.Rad1 Nc4 16.Bxc4 Rxc4 17.d5 Rc3 18.Rd3 Rxd3
19.Qxd3 Be5 20.Qb5 b6 21.Qa4 f5 22.Qxa7 Bd6 23.e5 Bxa3 24.Qxa3
Qxd5 25.Qxe7 Qxa2 26.e6 Qa8 27.Re1 Qe8 28.Qb7 b5 29.Qd5 Rf6 30.Qd7
Rf8 31.Rc1 b4 32.Rc7 Qxd7 33.exd7 b3 34.Rc8 1-0